00581cam a22001457a 4500020001800000020001500018040000800033082002600041245011900067260007600186300004800262490004400310650002000354710006100374 a9789251068373 a9251068372 cNLE a333 FAO 2010 A042 Or.00aApproaches to controlling, preventing and eliminating H5N1 highly pathogenic avian influenza in endemic countries. aRome :bFood and Agriculture Organization of the United Nations,c2011. axi, 81 p. :bcol. ill., col. maps ;c25 cm.1 aFAO animal production and health paper, 0aAvian influenza2 aFood and Agriculture Organization of the United Nations.